000 00348 a2200145 4500
001 71024
040 _cAnchieta - Itaigara
100 _aBranco, Samuel Murgel
240 1 0 _aO saci e a reciclagem do lixo
_lpor
245 1 0 _aO saci e a reciclagem do lixo
300 _a15p.
362 0 _a2011
650 4 _aLiteratura infanto-juvenil
942 _cBK
999 _c71024
_d71024